UBT Library

Art and Visual Perception (Record no. 50263)

000 -LEADER
fixed length control field 00295nam a22001337a 4500
008 - FIXED-LENGTH DATA ELEMENTS--GENERAL INFORMATION
fixed length control field 181019b xxu||||| |||| 00| 0 eng d
020 ## - INTERNATIONAL STANDARD BOOK NUMBER
International Standard Book Number 9780520026131
041 ## - LANGUAGE CODE
Language code of text/sound track or separate title eng
080 ## - UNIVERSAL DECIMAL CLASSIFICATION NUMBER
Universal Decimal Classification number 701
100 ## - Rafti
Rafti 45
101 ## - Shkurtesa
Shkurtesa ART
245 ## - TITLE STATEMENT
Title Art and Visual Perception
Statement of responsibility, etc Arnheim, R
942 ## - ADDED ENTRY ELEMENTS (KOHA)
Source of classification or shelving scheme
Item type Books
Holdings
Withdrawn status Lost status Source of classification or shelving scheme Damaged status Not for loan Collection code Permanent location Current location Shelving location Date acquired Total Checkouts Full call number Barcode Date last seen Price effective from Koha item type
          Koleksioni i përgjithshem UBT - Lipjan UBT - Lipjan Koleksioni i përgjithshem 10/19/2018   701 ARN 002-3017124 10/19/2018 10/19/2018 Books
UBT Library © 2015-2024. All rights reserved University Education for Business and Technology